Strengthening nurse-to-nurse relationships (Record no. 124)

MARC details
000 -LEADER
fixed length control field 01362cgm a2200397Ia 4500
005 - DATE AND TIME OF LATEST TRANSACTION
control field 20260322212007.0
007 - PHYSICAL DESCRIPTION FIXED FIELD--GENERAL INFORMATION
fixed length control field data
008 - FIXED-LENGTH DATA ELEMENTS--GENERAL INFORMATION
fixed length control field data
020 ## - INTERNATIONAL STANDARD BOOK NUMBER
International Standard Book Number 9781578398027
020 ## - INTERNATIONAL STANDARD BOOK NUMBER
International Standard Book Number 1578398029
028 40 - PUBLISHER OR DISTRIBUTOR NUMBER
Publisher or distributor number VSNNRDVD-REV 2/07
Source HCPro
040 ## - CATALOGING SOURCE
Original cataloging agency OMC
Transcribing agency OMC
Modifying agency TEF
-- TEF
099 ## - LOCAL FREE-TEXT CALL NUMBER (OCLC)
Classification number DVD WX 160 S774
001 - CONTROL NUMBER
control field data
245 10 - TITLE STATEMENT
Title Strengthening nurse-to-nurse relationships
Medium [videorecording] :
Remainder of title a guide to ending horizontal hostility.
250 ## - EDITION STATEMENT
Edition statement [Rev.]
260 ## - PUBLICATION, DISTRIBUTION, ETC.
Place of publication, distribution, etc. Marblehead, MA :
Name of publisher, distributor, etc. HCPro,
Date of publication, distribution, etc. 2007.
300 ## - PHYSICAL DESCRIPTION
Extent 1 videodisc (24 min.) :
Other physical details sd., col. ;
Dimensions 4 3/4 in. +
Accompanying material 1 instructional guide.
500 ## - GENERAL NOTE
General note Approved for 1 nursing contact hr. of CE credit.
508 ## - CREATION/PRODUCTION CREDITS NOTE
Creation/production credits note Executive producer, Frank Morello.
520 ## - SUMMARY, ETC.
Summary, etc. Examines the nature and sources of hostility among nurses. Discusses communication skills and other remedies, as well as ways to improve the culture of nursing.
538 ## - SYSTEM DETAILS NOTE
System details note DVD.
650 #0 - SUBJECT ADDED ENTRY--TOPICAL TERM
Topical term or geographic name entry element Nursing ethics.
650 #0 - SUBJECT ADDED ENTRY--TOPICAL TERM
Topical term or geographic name entry element Violence in the workplace.
650 #0 - SUBJECT ADDED ENTRY--TOPICAL TERM
Topical term or geographic name entry element Employee morale.
650 #0 - SUBJECT ADDED ENTRY--TOPICAL TERM
Topical term or geographic name entry element Communication in nursing.
650 #0 - SUBJECT ADDED ENTRY--TOPICAL TERM
Topical term or geographic name entry element Interpersonal relations.
650 #0 - SUBJECT ADDED ENTRY--TOPICAL TERM
Topical term or geographic name entry element Nursing
General subdivision Social aspects.
650 #2 - SUBJECT ADDED ENTRY--TOPICAL TERM
Topical term or geographic name entry element Communication.
650 #2 - SUBJECT ADDED ENTRY--TOPICAL TERM
Topical term or geographic name entry element Hostility.
650 #2 - SUBJECT ADDED ENTRY--TOPICAL TERM
Topical term or geographic name entry element Interprofessional Relations.
650 #2 - SUBJECT ADDED ENTRY--TOPICAL TERM
Topical term or geographic name entry element Nurses
General subdivision psychology.
650 #2 - SUBJECT ADDED ENTRY--TOPICAL TERM
Topical term or geographic name entry element Occupational Health.
650 #2 - SUBJECT ADDED ENTRY--TOPICAL TERM
Topical term or geographic name entry element Social Behavior.
720 2# - ADDED ENTRY--UNCONTROLLED NAME
Name HCPro (Firm)
Holdings
Withdrawn status Lost status Damaged status Not for loan Home library Current library Shelving location Date acquired Total checkouts Full call number Barcode Date last seen Price effective from Koha item type
        Riverside Riverside General stacks 22/03/2026   GEN BC0010128 22/03/2026 22/03/2026 Books